| 000 | 00734nam a2200265 a 4500 | ||
|---|---|---|---|
| 005 | 20180803164851.0 | ||
| 008 | 140224b1991 ck ||||| |||| 00| 0 spa d | ||
| 040 |
_aCO-BoIAVH _cCO-BoIAVH |
||
| 041 | _aspa | ||
| 044 | _ack | ||
| 090 |
_aLB _b01014 |
||
| 245 | _aEstado de la biodiversidad en Colombia | ||
| 260 |
_aBogotá _bCOLCIENCIAS _c1991 |
||
| 300 | _a. | ||
| 650 |
_aBiodiversidad _992204 |
||
| 650 |
_aFauna _945028 |
||
| 650 |
_aFlora _945029 |
||
| 650 |
_aVegetación _945030 |
||
| 662 | _aColombia | ||
| 700 |
_aHernández Camacho, Jorge _945031 |
||
| 700 |
_aOrtíz Quijano, Rosario _945032 |
||
| 700 |
_aWalschburger Bergdolt, Thomas _945033 |
||
| 700 |
_aHurtado Guerra, Adriana _945034 |
||
| 942 |
_cINFORME _03 _2z |
||
| 999 |
_c1025 _d1025 |
||